000 00282nam a22001337a 4500
008 170601b xxu||||| |||| 00| 0 eng d
020 _a0021495203
041 _aeng
080 _a94
100 _a17
101 _aSHH
245 _aTHE OLD WORLD
_cMACMILLAN.S
942 _2udc
_cBK
999 _c15352
_d15352